000
00269nam a2200109Ia 4500
008
170627s9999 xx 000 0 und d
100
_a
HERSEY- PAUL
245
0
_a
MANAGEMENT OF ORGANIZATIONAL BEHAVIOUR
260
_b
PHI
260
_c
2005
546
_a
ENGLISH
690
_a
ORGANIZATIONAL BEHAVIOUR
999
_c
35312
_d
35312